Κοινωνιολογία των μέσων μαζικής επικοινωνίας : ο ρόλος των μέσων στην αναπαραγωγή του σύγχρονου καπιταλισμού

Saved in:
Bibliographic Details
Main Author: Σεραφετινίδου, Μελίνα
Format: Book
Language:Greek
Published: Αθήνα : Gutenberg, 2005, 1991.
Series:Κοινωνιολογική & ανθρωπολογική βιβλιοθήκη Gutenberg ; v.16
Subjects:
Tags: Add Tag
No Tags, Be the first to tag this record!

MARC

LEADER 00000cam a2200000 i 4500
001 1/99723
008 950404r20051991gr | ||| |||| ||gre||
020 |a 9600102570 
035 |l 10011415 
040 |a GR-MY-UA  |b gre  |e aacr 
041 0 |a gre 
082 7 |a 302.23   |2 (22) 
100 1 |a Σεραφετινίδου, Μελίνα. 
245 1 0 |a Κοινωνιολογία των μέσων μαζικής επικοινωνίας :   |b ο ρόλος των μέσων στην αναπαραγωγή του σύγχρονου καπιταλισμού /   |c Μελίνα Σεραφετινίδου.  
260 |a Αθήνα :   |b Gutenberg,   |c 2005, 1991.  
300 |a 509 σ. ;   |c 21 εκ.  
490 1 |a (Κοινωνιολογική και ανθρωπολογική βιβλιοθήκη / Gutenberg ;   |v  vol.16)  
500 |a Το Παράρτημα Λέσβου διαθέτει και την ανατύπωση του 2005.  
504 |a Bιβλιογραφία : σ. 501-509.  
650 0 0 |a Mass media  |x Social aspects. 
650 0 0 |a Sociology. 
830 0 |a Κοινωνιολογική & ανθρωπολογική βιβλιοθήκη Gutenberg ;  |v  v.16 
901 |a BIBL1-2009-1 
901 |a BIBL1-2011-1 
901 |a BIBL1-2014-3 
909 |a Λ  |b 035150 
909 |a Λ  |b 157753 
909 |a Λ  |b 167842 
909 |a Λ  |b 190868 
920 |a ΦΟΙΤΗΤΙΚΗ ΜΕΡΙΜΝΑ  |y Λέσβος  |z 2008-03 
920 |a ΦΟΙΤΗΤΙΚΗ ΜΕΡΙΜΝΑ  |y Λέσβος  |z 2011-03 
920 |a ΕΥΔΟΞΟΣ  |b ΕΠΙΣΤΡΟΦΗ  |y Λέσβος  |z 2014-09 
920 |a Εύδοξος   |b Παραγγελία   |y Λέσβος-ΤΚ  |z 2019-02 
922 |a 1ΕΛΗ  |b 199403  |c ΝΙΚΟΛΑΚΑΚΗΣ 
970 |z 1995/04